[Event "corr."]
[Site "masterchessopen.com DDR"]
[Round "0"]
[White "Ratzmann Immo (GER)"]
[Black "Rosenhahn Eberhard (GER)"]
[Result "1-0"]
[WhiteElo "2042"]
[BlackElo "2149"]

1.d4 Nf6 2.c4 e6 3.Nf3 d5 4.Nc3 c6 5.Bg5 dxc4 6.e4 b5 7.e5 h6 8.Bh4 g5 9.Nxg5
hxg5 10.Bxg5 Nbd7 11.exf6 Bb7 12.g3 c5 13.d5 Qb6 14.Bg2 Bh6 15.f4 O-O-O 16.O-O
b4 17.Na4 Qa6 18.dxe6 Qxe6 19.Bxb7+ Kxb7 20.Qxd7+ {#r} 1-0

[Event "It (open)"]
[Site "masterchessopen.com Eger (Hungary)"]
[Round "0"]
[White "Nickl Klaus (AUT)"]
[Black "Buecker Peter (GER)"]
[Result "0-1"]
[WhiteElo "2144"]
[BlackElo "2320"]

1.d4 d5 2.c4 e6 3.Nc3 c6 4.Nf3 Nf6 5.Bg5 dxc4 6.e4 b5 7.e5 h6 8.Bh4 g5 9.Nxg5
hxg5 10.Bxg5 Nbd7 11.Qf3 Bb7 12.exf6 Qa5 13.Bd2 b4 14.Ne4 Qd5 15.Be3 c5
16.Nxc5 Qxf3 17.gxf3 Bxc5 18.dxc5 Ne5 19.O-O-O Bxf3 20.Bd4 Nc6 21.Bxc4 Bxh1
22.Bb5 O-O-O {#R} 0-1

[Event "Bundesliga 1989/90"]
[Site "masterchessopen.com Germany"]
[Round "0"]
[White "Diedam Norbert (GER)"]
[Black "Kreul Helmut (GER)"]
[Result "1-0"]
[WhiteElo "2215"]
[BlackElo "2114"]

1.d4 Nf6 2.c4 e6 3.Nf3 d5 4.Nc3 c6 5.Bg5 dxc4 6.e4 b5 7.e5 h6 8.Bh4 g5 9.exf6
gxh4 10.Ne5 Qxf6 11.a4 Bb4 12.Be2 Bb7 13.Bf3 a6 14.axb5 Ra7 15.bxc6 Bc8 16.Qa4
a5 17.c7+ Nd7 18.Nxd7 Qxd4 19.O-O Ke7 20.Nb8 Rxc7 21.Nc6+ Rxc6 22.Qxc6 Bd6
23.Rfe1 Rg8 24.Nd5+ {#r} 1-0

[Event "It (open)"]
[Site "masterchessopen.com Joensuu (Finland)"]
[Round "0"]
[White "Lappalainen Sasu (FIN)"]
[Black "Sammalvuo Tapani (FIN)"]
[Result "0-1"]
[WhiteElo "2092"]
[BlackElo "2477"]

1.Nf3 Nf6 2.d4 d5 3.c4 c6 4.Nc3 e6 5.Bg5 dxc4 6.e4 b5 7.e5 h6 8.Bh4 g5 9.Nxg5
hxg5 10.Bxg5 Nbd7 11.exf6 Bb7 12.a3 Qb6 13.Qd2 O-O-O 14.O-O-O a6 15.Ne4 a5
16.Kb1 c5 17.dxc5 Bxe4+ 18.Ka1 Nxc5 {#R} 0-1

[Event "Ch BRD (qual)"]
[Site "masterchessopen.com BRD"]
[Round "0"]
[White "Schuh Hubert (GER)"]
[Black "Hoffmann Hans (GER)"]
[Result "1-0"]
[WhiteElo "2292"]
[BlackElo "2120"]

1.d4 d5 2.c4 c6 3.Nf3 Nf6 4.Nc3 e6 5.Bg5 dxc4 6.e4 b5 7.e5 h6 8.Bh4 g5 9.Nxg5
hxg5 10.Bxg5 Nbd7 11.g3 Qa5 12.exf6 Bb7 13.Bg2 O-O-O 14.O-O b4 15.Ne4 c5
16.Qe2 Bd5 17.Rfc1 cxd4 18.Rxc4+ Bxc4 19.Qxc4+ Kb8 20.Rc1 Ne5 21.Bf4 d3 22.Nc5
Qxc5 23.Bxe5+ Qxe5 24.Qc6 {#r} 1-0

[Event "?"]
[Site "masterchessopen.com Helsinki (Finland)"]
[Round "0"]
[White "Laitinen Martti (FIN)"]
[Black "Sammalvuo Tapani (FIN)"]
[Result "1-0"]
[WhiteElo "1806"]
[BlackElo "2477"]

1.d4 d5 2.c4 c6 3.Nf3 Nf6 4.Nc3 e6 5.Bg5 dxc4 6.e4 b5 7.Qc2 h6 8.Bh4 g5 9.Bg3
g4 10.Ne5 Qxd4 11.Be2 Bb4 12.O-O Bxc3 13.bxc3 Qxe4 14.Qd2 Nbd7 15.Rad1 Rh7
16.Qd6 c5 17.Bxg4 Nd5 18.Bxe6 fxe6 19.Qxe6+ Ne7 {#r} 1-0

[Event "Ch Paris (open)"]
[Site "masterchessopen.com Paris (France)"]
[Round "0"]
[White "Dorfman Iossif D (FRA)"]
[Black "Boudre Jean-Pierre (FRA)"]
[Result "1-0"]
[WhiteElo "2580"]
[BlackElo "2299"]

1.d4 d5 2.c4 c6 3.Nf3 Nf6 4.Nc3 e6 5.Bg5 dxc4 6.e4 b5 7.e5 h6 8.Bh4 g5 9.Nxg5
hxg5 10.Bxg5 Nbd7 11.g3 Qa5 12.exf6 Bb7 13.Bg2 O-O-O 14.O-O Ne5 15.Ne4 Nd3
16.b3 Rxd4 17.bxc4 bxc4 18.Be3 Rd7 19.Qc2 Qh5 20.h4 Ne5 21.Rfd1 Rd3 22.Rxd3
{#r} 1-0

[Event "It (open)"]
[Site "masterchessopen.com St. Ingbert (Germany)"]
[Round "3"]
[White "Matthaei Alexander (GER)"]
[Black "Hoenig Alexander (GER)"]
[Result "1-0"]
[WhiteElo "2363"]
[BlackElo "2223"]

1.d4 d5 2.c4 c6 3.Nf3 Nf6 4.Nc3 e6 5.Bg5 dxc4 6.e4 b5 7.e5 h6 8.Bh4 g5 9.exf6
gxh4 10.Ne5 Qxf6 11.a4 Bb4 12.g3 Nd7 13.Nxc6 Bb7 14.axb5 e5 15.Bh3 exd4 16.O-O
Bxc6 17.bxc6 Ne5 18.Nd5 Qd6 19.Nxb4 Qxb4 20.Re1 f6 21.Rxe5+ fxe5 22.Qh5+ Kf8
23.Qf5+ Kg8 24.Qg6+ Kf8 25.Qf6+ {#r} 1-0

[Event "It (open)"]
[Site "masterchessopen.com St. Ingbert (Germany)"]
[Round "0"]
[White "Moskalenko Viktor (UKR)"]
[Black "Jahr Ulrich Dr Dr (GER)"]
[Result "1-0"]
[WhiteElo "2558"]
[BlackElo "2145"]

1.d4 d5 2.c4 c6 3.Nf3 Nf6 4.Nc3 e6 5.Bg5 dxc4 6.e4 b5 7.e5 h6 8.Bh4 g5 9.exf6
gxh4 10.Ne5 Qxf6 11.a4 Bb4 12.g3 Nd7 13.Nxc6 Bb7 14.axb5 e5 15.Bh3 exd4 16.O-O
Bxc6 17.bxc6 Ne5 18.Nd5 Qd6 19.Nxb4 Qxb4 20.Re1 f6 21.Rxe5+ fxe5 22.Qh5+ Kf8
23.Qf5+ Kg8 24.Qe6+ Kf8 25.Qf6+ {#r} 1-0

[Event "Ch URS (juniors)"]
[Site "masterchessopen.com Alma-Ata (Kazakhstan)"]
[Round "0"]
[White "Danielian Oganes (ARM)"]
[Black "Fridman Daniel (GER)"]
[Result "1-0"]
[WhiteElo "2530"]
[BlackElo "2652"]

1.d4 d5 2.Nf3 Nf6 3.c4 c6 4.Nc3 e6 5.Bg5 dxc4 6.e4 b5 7.a4 Bb4 8.e5 h6 9.exf6
hxg5 10.fxg7 Rg8 11.h4 gxh4 12.Rxh4 Qf6 13.g3 Bb7 14.Bg2 Nd7 15.Kf1 a6 16.Ne5
Nxe5 17.dxe5 Qxe5 18.axb5 Rd8 19.Qa4 Bxc3 20.bxc6 Bxb2 21.c7+ Rd7 22.Rh8 Bxg2+
23.Kxg2 Qe4+ 24.Kg1 {#r} 1-0

[Event "It (open) \"]
[Site "masterchessopen.com Berlin (Germany)"]
[Round "0"]
[White "Novikov Igor A (USA)"]
[Black "Thesing Matthias (GER)"]
[Result "1-0"]
[WhiteElo "2550"]
[BlackElo "2405"]

1.d4 e6 2.c4 d5 3.Nf3 Nf6 4.Nc3 c6 5.Bg5 dxc4 6.e4 b5 7.e5 h6 8.Bh4 g5 9.Nxg5
hxg5 10.Bxg5 Nbd7 11.g3 Rg8 12.Bxf6 Nxf6 13.exf6 Bb7 14.Bg2 Qc7 15.O-O O-O-O
16.Qc2 Rxd4 17.a4 Bc5 18.axb5 Rd3 19.b6 Bxb6 20.Ne4 Qe5 21.Qxc4 Rgd8 22.Qc2
Qd5 23.Rac1 {#r} 1-0

[Event "It (open) \"]
[Site "masterchessopen.com Berlin (Germany)"]
[Round "0"]
[White "Ruban Vadim (RUS)"]
[Black "Wolf Andre (GER)"]
[Result "1-0"]
[WhiteElo "2575"]
[BlackElo "2174"]

1.d4 d5 2.c4 c6 3.Nf3 Nf6 4.Nc3 e6 5.Bg5 dxc4 6.e4 b5 7.e5 h6 8.Bh4 g5 9.Nxg5
hxg5 10.Bxg5 Nbd7 11.g3 Qa5 12.exf6 b4 13.Ne4 Ba6 14.b3 Qd5 15.f3 Nb6 16.Rc1
Bb5 17.bxc4 Nxc4 18.h4 Nb6 19.Rh2 a5 20.Bxb5 Qxb5 21.Rhc2 Rc8 22.Rc5 {#r} 1-0

[Event "It (open)"]
[Site "masterchessopen.com Budapest (Hungary)"]
[Round "0"]
[White "Paksi Gyula (HUN)"]
[Black "Sleisz Tamas (HUN)"]
[Result "0-1"]
[WhiteElo "1996"]
[BlackElo "2236"]

1.d4 Nf6 2.c4 e6 3.Nf3 d5 4.Bg5 c6 5.Nc3 dxc4 6.e4 b5 7.a4 Bb4 8.e5 h6 9.Bh4
g5 10.Nxg5 hxg5 11.Bxg5 Nbd7 12.axb5 cxb5 13.Be2 Qc7 14.exf6 Bb7 15.Bf3 Nb6
16.Bf4 Qxf4 17.Bxb7 Rd8 18.Bc6+ Kf8 19.g3 Qxf6 20.O-O Rxd4 21.Qe2 Qh6 22.h4
Qg7 23.Nxb5 Rdxh4 24.Bg2 R4h5 25.Qd1 Qh6 26.Bc6 Rd5 {#R} 0-1

[Event "It (open)"]
[Site "masterchessopen.com Buenos Aires (Argentina)"]
[Round "0"]
[White "Mendez Ernesto (ARG)"]
[Black "Perez Pietronave Carlos (ARG)"]
[Result "1-0"]
[WhiteElo "2358"]
[BlackElo "2196"]

1.d4 d5 2.Nf3 Nf6 3.c4 e6 4.Bg5 dxc4 5.Nc3 c6 6.a4 Bb4 7.Qc2 Qa5 8.Bd2 b5 9.g3
Bb7 10.Bg2 a6 11.O-O Bxc3 12.Bxc3 Qc7 13.e4 O-O 14.Ng5 h6 15.e5 hxg5 16.exf6
gxf6 17.f4 g4 18.f5 b4 19.Bxb4 Re8 20.Rf4 e5 21.Rxg4+ Kh7 22.Qe2 {#r} 1-0

[Event "Bundesliga 1990/91"]
[Site "masterchessopen.com Germany"]
[Round "0"]
[White "Schoen Wolfram (GER)"]
[Black "Meister Thomas"]
[Result "1-0"]
[WhiteElo "2403"]
[BlackElo "2025"]

1.d4 d5 2.c4 c6 3.Nf3 Nf6 4.Nc3 e6 5.Bg5 dxc4 6.e4 b5 7.e5 h6 8.Bh4 g5 9.Nxg5
hxg5 10.Bxg5 Nbd7 11.g3 Bb7 12.Bg2 Qb6 13.exf6 O-O-O 14.O-O c5 15.d5 b4 16.Rb1
Nb8 17.Qg4 Rg8 18.Na4 Qa6 19.dxe6 fxe6 20.Bxb7+ Kxb7 21.f7 {#r} 1-0

[Event "Ch Germany (juniors) (under 15)"]
[Site "masterchessopen.com Germany"]
[Round "0"]
[White "Blank Oliver Kai (GER)"]
[Black "Gerstmann Holger (GER)"]
[Result "1-0"]
[WhiteElo "2157"]
[BlackElo "2086"]

1.d4 d5 2.c4 c6 3.Nf3 Nf6 4.Nc3 e6 5.Bg5 dxc4 6.e4 b5 7.e5 h6 8.Bh4 g5 9.Nxg5
hxg5 10.Bxg5 Nbd7 11.exf6 Bb7 12.g3 c5 13.d5 Ne5 14.Bg2 b4 15.Qa4+ Qd7 16.Nb5
Nd3+ 17.Kf1 Rc8 18.dxe6 Bxg2+ 19.Kxg2 fxe6 20.Nd6+ Bxd6 21.f7+ {#r} 1-0

[Event "It (open)"]
[Site "masterchessopen.com Pfalz (Germany)"]
[Round "0"]
[White "Bohne Lutz (GER)"]
[Black "Schafranietz Sebastian (GER)"]
[Result "0-1"]
[WhiteElo "2026"]
[BlackElo "2337"]

1.d4 d5 2.c4 e6 3.Nc3 Nf6 4.Nf3 c6 5.Bg5 dxc4 6.e4 b5 7.e5 h6 8.Bh4 g5 9.Nxg5
hxg5 10.Bxg5 Nbd7 11.g3 Qb6 12.exf6 Bb7 13.Bg2 O-O-O 14.O-O Bh6 15.h4 c5
16.dxc5 Nxc5 17.Qg4 Bxg5 18.hxg5 Rd2 19.b3 Bxg2 20.Kxg2 Qc6+ {#R} 0-1

[Event "It \"]
[Site "masterchessopen.com Prague (Czech Republic)"]
[Round "8"]
[White "Steimar Miroslav (CZE)"]
[Black "Brdicko Petr (CZE)"]
[Result "1-0"]
[WhiteElo "2039"]
[BlackElo "2255"]

1.d4 d5 2.c4 c6 3.Nc3 Nf6 4.Nf3 e6 5.Bg5 dxc4 6.e4 b5 7.e5 h6 8.exf6 hxg5
9.Nxg5 Qxf6 10.Nge4 Qg6 11.Qf3 Qf5 12.Be2 Nd7 13.Ng3 b4 14.Nxf5 {#r} 1-0

[Event "Ch Slovenia"]
[Site "masterchessopen.com Slovenia"]
[Round "0"]
[White "Gostisa Leon (SLO)"]
[Black "Drinovec Ales (SLO)"]
[Result "1-0"]
[WhiteElo "2440"]
[BlackElo "2139"]

1.d4 d5 2.Nf3 Nf6 3.c4 c6 4.Nc3 e6 5.Bg5 dxc4 6.e4 b5 7.a4 Qb6 8.Bxf6 gxf6
9.Be2 Bb4 10.d5 e5 11.O-O Bxc3 12.bxc3 Bd7 13.Qd2 cxd5 14.exd5 Na6 15.axb5
Bxb5 16.Rfb1 Rc8 17.Qe3 Nc5 18.Bxc4 Bxc4 19.Rxb6 axb6 20.Nxe5 {#r} 1-0

[Event "Ch Slovakia"]
[Site "masterchessopen.com Trencin (Slovakia)"]
[Round "0"]
[White "Hanko Pavol (SVK)"]
[Black "Cvicela Anton (SVK)"]
[Result "0-1"]
[WhiteElo "2138"]
[BlackElo "2197"]

1.d4 d5 2.Nf3 Nf6 3.c4 c6 4.Nc3 e6 5.Bg5 dxc4 6.e4 b5 7.e5 h6 8.Bh4 g5 9.Nxg5
hxg5 10.Bxg5 Nbd7 11.exf6 Bb7 12.g3 Qb6 13.Bg2 O-O-O 14.O-O c5 15.d5 b4
16.dxe6 Bxg2 17.e7 Bxf1 18.Nd5 Qc6 19.exd8=Q+ Kxd8 20.Kxf1 Rxh2 21.Kg1 Rh8
22.Rc1 Bd6 23.Rxc4 Nb6 24.Rc2 Nxd5 25.Rd2 Rh1+ 26.Kxh1 Ne3+ {#R} 0-1

[Event "It (open)"]
[Site "masterchessopen.com Vienna (Austria)"]
[Round "0"]
[White "Ikonnikov Vyacheslav (RUS)"]
[Black "Alekseev Andrey (RUS)"]
[Result "1-0"]
[WhiteElo "2550"]
[BlackElo "2340"]

1.d4 d5 2.c4 e6 3.Nf3 Nf6 4.Nc3 c6 5.Bg5 dxc4 6.e4 b5 7.e5 h6 8.Bh4 g5 9.exf6
gxh4 10.Ne5 c5 11.Nxf7 Qxf6 12.Nxh8 cxd4 13.Qh5+ Kd7 14.O-O-O Qxh8 15.Nxb5 Nc6
16.Bxc4 Qf6 17.Nxd4 Rb8 18.Nb5+ Ke7 19.Qc5+ {#r} 1-0

[Event "It (open)"]
[Site "masterchessopen.com Vienna (Austria)"]
[Round "0"]
[White "Ikonnikov Vyacheslav (RUS)"]
[Black "Godena Michele (ITA)"]
[Result "1-0"]
[WhiteElo "2550"]
[BlackElo "2415"]

1.d4 d5 2.Nf3 c6 3.c4 e6 4.Nc3 Nf6 5.Bg5 dxc4 6.e4 b5 7.e5 h6 8.Bh4 g5 9.exf6
gxh4 10.Ne5 Qxf6 11.a4 Bb7 12.Be2 h3 13.Bh5 hxg2 14.Rg1 Rh7 15.Bf3 a6 16.axb5
axb5 17.Rxa8 Bxa8 18.Qa1 Bb7 19.Qa7 Nd7 20.Nxd7 Qxf3 21.Ne5 {#r} 1-0

[Event "It (open) (c)"]
[Site "masterchessopen.com Aragon (Spain)"]
[Round "6"]
[White "Molina Pastor Francisco (ESP)"]
[Black "Cid Royo Jonathan (ESP)"]
[Result "0-1"]
[WhiteElo "2090"]
[BlackElo "2244"]

1.d4 d5 2.Nf3 Nf6 3.c4 e6 4.Bg5 c6 5.Nc3 dxc4 6.e3 b5 7.a4 Bb4 8.Qc2 Nbd7
9.axb5 cxb5 10.b3 Qc7 11.Rb1 Qa5 {#R} 0-1

[Event "It (open)"]
[Site "masterchessopen.com Bern (Switzerland)"]
[Round "1"]
[White "Petursson Margeir (ISL)"]
[Black "Isler Peter (SUI)"]
[Result "1-0"]
[WhiteElo "2565"]
[BlackElo "1988"]

1.d4 d5 2.c4 e6 3.Nc3 c6 4.Nf3 Nf6 5.Bg5 dxc4 6.e4 b5 7.e5 h6 8.Bh4 g5 9.exf6
gxh4 10.Ne5 Qxf6 11.Be2 Bd6 12.Ne4 Bb4+ 13.Kf1 Qe7 14.a3 Ba5 15.Bh5 O-O
16.Qg4+ Kh7 17.Bxf7 {#r} 1-0

[Event "Ch World (juniors) (under 16) (g)"]
[Site "masterchessopen.com Duisburg (Germany)"]
[Round "0"]
[White "Hon Kah Seng Christie (MAS)"]
[Black "Gaponenko Inna (UKR)"]
[Result "0-1"]
[WhiteElo "2236"]
[BlackElo "2445"]

1.d4 d5 2.c4 e6 3.Nc3 Nf6 4.Bg5 c6 5.Nf3 dxc4 6.e3 b5 7.a4 Bb4 8.Qc2 Nbd7 9.b3
Qa5 10.Rc1 Nd5 11.e4 Nxc3 12.Bd2 Nf6 13.Bxc3 Bxc3+ 14.Kd1 Bb4 15.Ne5 Bb7
16.Rb1 Rd8 17.Nf3 c5 18.Kc1 Nxe4 19.Qd1 Ba3+ 20.Rb2 Qc3+ 21.Qc2 {#R} 0-1

[Event "It (open)"]
[Site "masterchessopen.com Eger (Hungary)"]
[Round "0"]
[White "Dermann Guido (GER)"]
[Black "Kiss Pal (HUN)"]
[Result "0-1"]
[WhiteElo "2315"]
[BlackElo "2362"]

1.d4 d5 2.Nf3 Nf6 3.c4 c6 4.Nc3 e6 5.Bg5 dxc4 6.e4 b5 7.e5 h6 8.Bh4 g5 9.exf6
gxh4 10.Ne5 Qxf6 11.Be2 Nd7 12.Nxc6 Bb7 13.Bf3 a6 14.O-O Rc8 15.Ne4 Qf5 16.d5
Bxc6 17.Re1 Ne5 18.Bg4 Nxg4 19.dxc6 Rxc6 20.Qd4 Qe5 21.Qa7 Qxh2+ 22.Kf1 Qc7
23.Qd4 Rg8 24.Rad1 Be7 {#R} 0-1

[Event "Bundesliga"]
[Site "masterchessopen.com Germany"]
[Round "0"]
[White "Duesterwald Marc (GER)"]
[Black "Thesing Matthias (GER)"]
[Result "0-1"]
[WhiteElo "2195"]
[BlackElo "2415"]

1.d4 d5 2.c4 e6 3.Nc3 c6 4.Nf3 Nf6 5.Bg5 dxc4 6.e4 b5 7.a4 Bb4 8.e5 h6 9.exf6
hxg5 10.fxg7 Rg8 11.Ne5 Rxg7 12.axb5 cxb5 13.Qg4 Bb7 14.h4 a6 15.h5 Rh7 16.h6
Nd7 17.f4 Nf6 18.Qxg5 Qxd4 19.Rh3 Ne4 20.Qg8+ Ke7 21.Ng6+ Kf6 {#R} 0-1

[Event "Ch Mittelfranken"]
[Site "masterchessopen.com Germany"]
[Round "1"]
[White "Sroka Dieter (GER)"]
[Black "Junker Rene (GER)"]
[Result "0-1"]
[WhiteElo "1893"]
[BlackElo "2169"]

1.d4 d5 2.c4 e6 3.Nc3 c6 4.Nf3 Nf6 5.Bg5 dxc4 6.e4 b5 7.e5 h6 8.Bh4 g5 9.Nxg5
Nd5 10.Nxf7 Qxh4 11.g3 Ne3 12.gxh4 Nxd1 13.Nxh8 Nxb2 14.Rg1 Bd7 15.Rg6 Na6
16.Kd2 O-O-O 17.a3 c5 18.Ne4 cxd4 19.Nf6 {#R} 0-1

[Event "Oberliga NRW 1991/92"]
[Site "masterchessopen.com Germany"]
[Round "0"]
[White "Molinaroli Martin (GER)"]
[Black "Hofmann Martin (GER)"]
[Result "1-0"]
[WhiteElo "2288"]
[BlackElo "2188"]

1.d4 d5 2.c4 e6 3.Nf3 Nf6 4.Nc3 c6 5.Bg5 dxc4 6.e4 b5 7.e5 h6 8.Bh4 g5 9.exf6
gxh4 10.Ne5 Qxf6 11.g3 Nd7 12.Qe2 Nxe5 13.dxe5 Qf5 14.Bg2 Bd7 15.O-O-O O-O-O
16.Qe3 Kb8 17.Bxc6 Bxc6 18.Rxd8+ Kc7 19.Rhd1 Bc5 20.Qxc5 Rxd8 21.Nxb5+ {#r}
1-0

[Event "It (open)"]
[Site "masterchessopen.com Helsinki (Finland)"]
[Round "6"]
[White "Aseev Konstantin N (RUS)"]
[Black "Bagirov Vladimir (LAT)"]
[Result "0-1"]
[WhiteElo "2560"]
[BlackElo "2500"]

1.d4 d5 2.c4 c6 3.Nf3 Nf6 4.Nc3 e6 5.Bg5 dxc4 6.e4 b5 7.e5 h6 8.Bh4 g5 9.Nxg5
hxg5 10.Bxg5 Nbd7 11.g3 Qb6 12.exf6 c5 13.Bg2 Bb7 14.d5 O-O-O 15.O-O b4 16.Na4
Qb5 17.dxe6 Bxg2 18.Kxg2 Qc6+ 19.Qf3 Rxh2+ 20.Kxh2 Qxf3 21.exd7+ Kxd7 22.Rad1+
Bd6 {#R} 0-1

[Event "It (open)"]
[Site "masterchessopen.com Hradec Kralove (Czech Republic)"]
[Round "0"]
[White "Beyer Hans-Joachim (GER)"]
[Black "Malivanek Jiri (CZE)"]
[Result "0-1"]
[WhiteElo "2161"]
[BlackElo "2178"]

1.d4 d5 2.c4 c6 3.Nc3 e6 4.Nf3 Nf6 5.Bg5 dxc4 6.a4 Bb4 7.e4 Bxc3+ 8.bxc3 Qa5
9.e5 Ne4 10.Bd2 Nxd2 11.Qxd2 b5 12.Be2 Nd7 13.O-O Qc7 14.Ne1 Nb6 15.a5 Nd5
16.f4 a6 17.g4 Bb7 18.f5 O-O-O 19.Nc2 c5 20.Rfb1 exf5 21.gxf5 f6 22.Na3 fxe5
23.Nxb5 axb5 24.Rxb5 exd4 25.cxd4 Nf4 26.Qa2 Nh3+ {#R} 0-1

[Event "It (open)"]
[Site "masterchessopen.com Hyeres (France)"]
[Round "0"]
[White "Komarov Dimitri (UKR)"]
[Black "Boudre Jean-Pierre (FRA)"]
[Result "1-0"]
[WhiteElo "2455"]
[BlackElo "2299"]

1.d4 d5 2.Nf3 c6 3.c4 Nf6 4.Nc3 e6 5.Bg5 dxc4 6.a4 Bb4 7.e4 Bxc3+ 8.bxc3 Qa5
9.e5 Ne4 10.Bd2 Qd5 11.Be2 c5 12.O-O Nc6 13.Re1 Bd7 14.Bxc4 Qxc4 15.Rxe4 h6
16.Qb1 b6 17.d5 {#r} 1-0

[Event "It (open)"]
[Site "masterchessopen.com Iraklion (Greece)"]
[Round "7"]
[White "Tukmakov Vladimir B (UKR)"]
[Black "Khenkin Igor (GER)"]
[Result "0-1"]
[WhiteElo "2570"]
[BlackElo "2570"]

1.d4 d5 2.c4 c6 3.Nf3 Nf6 4.Nc3 e6 5.Bg5 dxc4 6.e4 b5 7.e5 h6 8.Bh4 g5 9.exf6
gxh4 10.Ne5 Qxf6 11.a4 h3 12.g3 c5 13.Bxh3 cxd4 14.Ng4 Qg7 15.Qf3 dxc3 16.Qxa8
cxb2 17.Rd1 Bb4+ 18.Ke2 c3 19.Qxb8 O-O 20.Qxb5 c2 21.Qxb4 Ba6+ 22.Ke3 Rc8
23.Rc1 h5 24.Kd2 Qg5+ 25.Ne3 Qd8+ {#R} 0-1

[Event "It (open)"]
[Site "masterchessopen.com Karvina (Czech Republic)"]
[Round "2"]
[White "Dybowski Jerzy (POL)"]
[Black "Olsar Zdenek (CZE)"]
[Result "1-0"]
[WhiteElo "2278"]
[BlackElo "1985"]

1.d4 Nf6 2.c4 e6 3.Nf3 d5 4.Bg5 c6 5.Nc3 dxc4 6.a4 Bb4 7.Qc2 Qa5 8.Bxf6 gxf6
9.e3 b5 10.Be2 Bxc3+ 11.bxc3 a6 12.O-O Qd8 13.Nd2 Bb7 14.Rfb1 Qc7 15.Qb2 c5
16.axb5 O-O 17.b6 Qd6 18.Nxc4 Qe7 19.Na5 Nc6 20.Nxb7 Qxb7 21.Qa3 a5 22.Qxc5
Rfc8 23.Bf3 Rab8 24.Qb5 f5 25.c4 {#r} 1-0

[Event "Ch Romania (team)"]
[Site "masterchessopen.com Romania"]
[Round "0"]
[White "Danilov Ilie Vladimir (ROM)"]
[Black "Ignatescu Radu (ROM)"]
[Result "0-1"]
[WhiteElo "2441"]
[BlackElo "2294"]

1.d4 d5 2.c4 e6 3.Nc3 c6 4.Nf3 Nf6 5.Bg5 dxc4 6.e4 b5 7.e5 h6 8.Bh4 g5 9.Nxg5
hxg5 10.Bxg5 Be7 11.exf6 Bxf6 12.Bxf6 Qxf6 13.g3 Bb7 14.Bg2 Na6 15.Nxb5 cxb5
16.Bxb7 Nb4 17.O-O Rd8 18.Qd2 Nd3 19.Bc6+ Ke7 20.Bxb5 Rdg8 21.Bxc4 Qh4 22.Rfd1
Qxh2+ 23.Kf1 Rxg3 24.Re1 Qh1+ 25.Ke2 Qe4+ {#R} 0-1

[Event "It (open)"]
[Site "masterchessopen.com Balatonbereny (Hungary)"]
[Round "0"]
[White "Derera Mihalyne (HUN)"]
[Black "Stirn Martin (AUT)"]
[Result "0-1"]
[WhiteElo "2035"]
[BlackElo "2099"]

1.d4 d5 2.c4 c6 3.Nc3 Nf6 4.Nf3 e6 5.Bg5 dxc4 6.e4 b5 7.e5 h6 8.Bh4 g5 9.exf6
gxh4 10.Ne4 Bb4+ 11.Ke2 Bb7 12.a3 Ba5 13.Ne5 Bb6 14.Ke3 Qd5 15.Nc3 Qxe5+ {#R}
0-1

[Event "Ch NRW (juniors) (under 15)"]
[Site "masterchessopen.com Brilon (Germany)"]
[Round "2"]
[White "Schaefer Alexander (GER)"]
[Black "Poschke Markus (GER)"]
[Result "0-1"]
[WhiteElo "2114"]
[BlackElo "2158"]

1.d4 d5 2.c4 c6 3.Nc3 Nf6 4.Nf3 e6 5.Bg5 dxc4 6.e4 b5 7.e5 h6 8.Bh4 g5 9.Nxg5
hxg5 10.Bxg5 Nbd7 11.exf6 Bb7 12.b3 b4 13.Na4 c3 14.a3 a5 15.axb4 axb4 16.Be3
Qxf6 17.Be2 c5 18.O-O Qh4 19.h3 Bxg2 20.Bg4 Bxh3 21.dxc5 Bxg4 {#R} 0-1

[Event "It (open) \"]
[Site "masterchessopen.com Budapest (Hungary)"]
[Round "3"]
[White "Kopjonkin Gennady (RUS)"]
[Black "Szabo Sandor (HUN)"]
[Result "1-0"]
[WhiteElo "2323"]
[BlackElo "2060"]

1.d4 d5 2.c4 c6 3.Nf3 Nf6 4.Nc3 e6 5.Bg5 dxc4 6.e4 b5 7.e5 h6 8.Bh4 g5 9.Nxg5
hxg5 10.Bxg5 Nbd7 11.exf6 Bb7 12.g3 c5 13.d5 b4 14.Bxc4 bxc3 15.dxe6 fxe6
16.f7+ Kxf7 17.Bxd8 Rxd8 18.Qe2 Re8 19.O-O-O Nb6 20.Rhe1 cxb2+ 21.Kb1 Nxc4
22.Rd7+ Kf6 23.Qxc4 Bc6 24.Qf4+ {#r} 1-0

[Event "Ch Mittelfranken"]
[Site "masterchessopen.com Forchheim (Germany)"]
[Round "6"]
[White "Rausch Wolfgang (GER)"]
[Black "Junker Rene (GER)"]
[Result "0-1"]
[WhiteElo "2171"]
[BlackElo "2169"]

1.d4 d5 2.c4 e6 3.Nf3 c6 4.Nc3 Nf6 5.Bg5 dxc4 6.e4 b5 7.e5 h6 8.Bh4 g5 9.Nxg5
Nd5 10.Nxf7 Qxh4 11.Nxh8 Bb4 12.Qd2 c5 13.dxc5 Nc6 14.g3 Qh5 15.f4 Bb7 16.Qe2
Nd4 17.Qe4 Nf3+ {#R} 0-1

[Event "Ch Germany (juniors) (under 17)"]
[Site "masterchessopen.com Halle (Germany)"]
[Round "0"]
[White "Wilhelmi Christian (GER)"]
[Black "Buhr Carl Christian (GER)"]
[Result "0-1"]
[WhiteElo "2439"]
[BlackElo "2306"]

1.d4 d5 2.Nf3 Nf6 3.c4 c6 4.Nc3 e6 5.Bg5 dxc4 6.a4 Bb4 7.e3 Qa5 8.Bxf6 gxf6
9.Bxc4 Bxc3+ 10.bxc3 Qxc3+ 11.Nd2 Nd7 12.O-O O-O 13.Rc1 Qb4 14.f4 f5 15.Rf3
Nf6 16.Rh3 Kh8 17.Nf3 Rg8 18.Ng5 Rg7 19.Be2 Qe7 20.Qe1 Nd5 21.Bd1 Bd7 22.Rb1
b6 23.Rf3 f6 24.Nh3 e5 25.dxe5 fxe5 {#R} 0-1

[Event "It (open)"]
[Site "masterchessopen.com Hamburg (Germany)"]
[Round "7"]
[White "Stone Raymond (CAN)"]
[Black "Nogly Christoph (GER)"]
[Result "1-0"]
[WhiteElo "2321"]
[BlackElo "2231"]

1.d4 d5 2.c4 c6 3.Nf3 Nf6 4.Nc3 e6 5.Bg5 dxc4 6.e4 b5 7.a4 Qb6 8.Bxf6 gxf6
9.Be2 Bb7 10.O-O a6 11.b3 b4 12.a5 Qc7 13.Na4 c3 14.Nb6 Ra7 15.d5 e5 16.Bc4
Nd7 17.Nh4 Nxb6 18.d6 Qxd6 19.Bxf7+ Kxf7 20.Qh5+ Kg8 21.axb6 Ra8 22.Qg4+ Kf7
23.Rad1 Qc5 24.Rd7+ Be7 25.Nf5 Rhe8 26.Nh6+ {#r} 1-0

[Event "It (open)"]
[Site "masterchessopen.com Hlohovec (Slovakia)"]
[Round "0"]
[White "Hudecek Jan (CZE)"]
[Black "Cvicela Anton (SVK)"]
[Result "1-0"]
[WhiteElo "2238"]
[BlackElo "2197"]

1.d4 d5 2.Nf3 c6 3.c4 Nf6 4.Nc3 e6 5.Bg5 dxc4 6.e4 b5 7.e5 h6 8.Bh4 g5 9.exf6
gxh4 10.Ne5 Bb7 11.Nxf7 Qxf6 12.Nxh8 Qxh8 13.Qh5+ Kd8 14.Qxh4+ Kc7 15.Be2 Nd7
16.O-O e5 17.d5 Bd6 18.Bf3 Qf6 19.Qxf6 Nxf6 20.dxc6 Bxc6 21.Nxb5+ {#r} 1-0